| 000 | 01661nam a2200217Ia 4500 | ||
|---|---|---|---|
| 003 | Ost | ||
| 005 | 20260507075619.0 | ||
| 008 | 260507s9999||||xx |||||||||||||| ||und|| | ||
| 020 | _a9789931032571 | ||
| 040 | _cfsecg | ||
| 041 | _aara | ||
| 082 | _a519.53 | ||
| 100 |
_aبداوي، محمد _eمؤلف |
||
| 245 | 0 |
_aالإحصاء الوصفي / _c محمد بداوي |
|
| 260 |
_aالجزائر: _bدار هومة للطباعة والنشر والتوزيع, _c2017 |
||
| 300 |
_a102 صفحة؛ _bإيضاحات ؛ _c23 سم |
||
| 504 | _aالمراجع ص.101 قاموس لبعض المصطلحات المستخدمة في ميدان الإحصاء عربي_فرنسي_انجليزي ص.89 | ||
| 520 | _aيتضمن هذا الكتاب دروس موجهة إلى طلبة سنة أولى ليسانس (جذع مشترك علوم اقتصادية وعلوم التسيير وعلوم تجارية ، والعلوم التكنولوجية ، والعلوم البيولوجية والطبية وعلوم الزراعية، بالإضافة إلى العلوم الإجتماعية ) ، وقد قسمت فصول الكتاب على النحو الآتي ، بالنسبة للفصل الأول فقد تمحورت حول أستاسيات علم الإحصاء، وفي الفصل الثاني تطرق الكاتب الى عرض البيانات الإحصائية، أما في الفصل الثالث فناقش مقاييس التمركز، والفصل الرابع والخامس كان لمقاييس التشتت والشكل، وختم الكتاب بتمارين محلولة . | ||
| 653 | _aالإحصاء الوصفي | ||
| 942 | _cكتاب | ||
| 999 |
_c45127 _d45127 |
||